00669nam a2200229Ia 450000500170000000800410001702000150005804100080007308200160008124500460009725000220014330000240016549000120018965000340020165000280023565000270026326400260029033600270031633700330034333800280037604000350040420220316235647.0121119s1999 sp gr 000 0 spa  a84951144020 aspa04a796.1 bF3100aFichero de juegos individuales y de grupo aPrimera edición a60 páginasc14 cm0 aFichero14aEducación de niños 2LEMB14aJuegos educativos2LEMB14aJuegos en grupo 2LEMB aBarcelonabINDEc1999 atextobtxt2rdacontent asin mediaciónbn2rdamedia avolumenbnc2rdacarrier aCO-BoRNBPbspaerdacCO-BoRNBP